000 00925cam a2200241 4500
001 WB3832-16
008 020903n2002 000 0 eng u
035 _a(Sirsi) u119545
245 _aNew research portal
260 _c2002
490 _aRICS Oceania Newsletter
_v August 2002, 1(1)
520 _aRICS launches its new Research Insight research portal at http://www.rics.org.au/research/research_insight.htm which aims to improve the research information available in the market. The portal covers real estate, institutional and construction research and market commentary. Amongst major organisations included are CB Richard Ellis, Jones Lang LaSalle and FPD Savills.
590 _aWB
650 _aRESEARCH
650 _aREAL ESTATE
650 _aCONSTRUCTION RESEARCH
650 _aMARKET COMMENTARY
650 _aRICS
650 _aOCEANIA
650 _aINTERNET
690 _aRICS NEWS
942 _n0
999 _c71073
_d71073